| 000 | 01027ntm a22003617a 4500 | ||
|---|---|---|---|
| 005 | 20170724141323.0 | ||
| 008 | 170724b xxu||||| |||| 00| 0 spa d | ||
| 020 | _a9788762810716 | ||
| 041 | _aspa | ||
| 082 | _a617.69 M646p | ||
| 100 |
_aMilleding, Percy _943520 |
||
| 245 | _aPreparaciones para prótesis fija | ||
| 260 | _aMéxico | ||
| 260 | _bAmolca | ||
| 260 | _c2013 | ||
| 300 | _a294 páginas | ||
| 650 |
_aPRÓTESIS DENTAL FIJA _943521 |
||
| 650 |
_aPROSTODONCIA _93898 |
||
| 650 |
_aRESTAURACIONES _93503 |
||
| 650 |
_aTRATAMIENTO PREVIO _943522 |
||
| 650 |
_aPRÓTESIS FIJA ADHESIVA _943523 |
||
| 650 |
_aCEMENTACIÓN _943524 |
||
| 650 |
_aINSTRUMENTACIÓN _923571 |
||
| 650 |
_aCORONA COMPLETA _943525 |
||
| 650 |
_aCORONA METALCERÁMICA _943526 |
||
| 650 |
_aPRÓTESIS CERÁMICA _943527 |
||
| 650 |
_aPRÓTESIS DENTAL FIJA CEMENTADA _943528 |
||
| 650 |
_aRETENEDORES _943529 |
||
| 650 |
_aPRÓTESIS POR IMPLANTE _943530 |
||
| 650 |
_aPERNOS _943531 |
||
| 650 |
_aMUÑONES _933996 |
||
| 942 | _cBK | ||
| 999 |
_c9669 _d9669 |
||